Japan today, reluctant ally

Kaydedildi:
Detaylı Bibliyografya
Yazar: Cary, James
Materyal Türü: Kitap
Dil:Undetermined
Baskı/Yayın Bilgisi: London Pall Mall Press 1963
Konular:
Etiketler: Etiketle
Etiket eklenmemiş, İlk siz ekleyin!
Thư viện lưu trữ: Trung tâm Học liệu Trường Đại học Cần Thơ
LEADER 00472nam a2200181Ia 4500
001 CTU_107491
008 210402s9999 xx 000 0 und d
082 |a 915.2 
082 |b C332 
100 |a Cary, James 
245 0 |a Japan today, reluctant ally 
245 0 |c James Cary 
260 |a London 
260 |b Pall Mall Press 
260 |c 1963 
650 |a Japan today, reluctant ally 
904 |i Nguyên 
980 |a Trung tâm Học liệu Trường Đại học Cần Thơ